000 00421nam a22001457a 4500
999 _c8126
_d8126
003 OSt
005 20200804161539.0
008 200804b ||||| |||| 00| 0 eng d
020 _a9781849940764
082 _a604.2
_bCHR
100 _a Christianson, Scott
245 _a100 diagrams that changed the world : from the earliest cave paintings to the innovation of the iPod
260 _aLondon
_bBatsford
_c2014
942 _2ddc